10 Most Over-Represented U.S. States - Statistics

General Stats
  • This quiz has been taken 568 times
    400 since last reset
  • The average score is 6 of 10
Answer Stats
Pop. Per Seat State % Correct
587,618 Wyoming
87%
568,617 Montana
75%
648,493 Vermont
66%
556,154 Rhode Island
63%
704,516 New Hampshire
62%
702,506 Maine
60%
723,073 Hawaii
57%
668,488 Nebraska
45%
705,841 New Mexico
29%
712,062 Oregon
26%
No matching quizzes found
Score Distribution
Percent of People with Each Score
Percentile by Number Answered
Your Score History
You have not taken this quiz since the last reset